000 01108nam a2200265 a 4500
008
020 _a0444427198 (hbk.)
049 _aMAIN
090 0 _aQD115 INT
111 2 _aInternational Conference "Electroanalysis na h'Eireann"
_d(1986 :
_cDublin, Ireland)
245 1 0 _aElectrochemistry, sensors and analysis :
_bproceedings of the International Conference "Electroanalysis na h'Eireann," Dublin, Ireland, June 10-12, 1986 /
_cedited by Malcolm R. Smyth and Johannes G. Vos.
260 _aAmsterdam :
_bDistributors for the U.S. and Canada, Elsevier Science Pub. Co.,
_c1986.
300 _axviii, 419 p. :
_bill. ;
_c25 cm.
440 _aAnalytical chemistry symposia series ;
_vv. 25.
504 _aIncludes bibliographical references.
650 0 _aElectrochemical analysis
_xCongresses.
650 0 _aElectrochemical analysis
_xInstruments
_xCongresses.
700 1 _aSmyth, Malcolm R.
700 1 _aVos, Johannes G.
907 _a.b10150857
_b16-08-07
_c07-02-05
003
005 20230123133941.0
040 _cNUST
942 _cBOOKS
_kQD115 INT
999 _c157425
_d157425